00454nam a22001457a 4500020001500000082001500015100001500030245004500045260003800090300000800128650002100136942000700157952012700164999001700291 a8171101610 a491.25 SAI aSaini, R.S aPost-Paninian System of Sanskrit Grammar aDelhibParimal Publicationsc2007 a277 aSanskrit Grammar cBK 00104070aHMIbHMId2016-03-10ekohinoor Book pub.g400.00l2o491.25 SAIp25055r2018-03-22s2018-02-20w2026-01-16yBK c19976d19976